000 00309 a2200133 4500
001 152976
040 _cEscola São Tomás de Aquino
100 _aMACHADO, Ana Maria
240 1 0 _aSeverino faz chover
_lpor
245 1 0 _aSeverino faz chover
362 0 _a1994
697 _a*LITERATURA INFANTO
942 _cBK
999 _c152976
_d152976